The art of investigative interviewing / (Record no. 171305)

MARC details
000 -LEADER
fixed length control field 00941nam a22002657a 4500
003 - CONTROL NUMBER IDENTIFIER
control field OSt
005 - DATE AND TIME OF LATEST TRANSACTION
control field 20250219113109.0
008 - FIXED-LENGTH DATA ELEMENTS--GENERAL INFORMATION
fixed length control field 250219b |||||||| |||| 00| 0 eng d
020 ## - INTERNATIONAL STANDARD BOOK NUMBER
International Standard Book Number 9780124115774 (paperback)
040 ## - CATALOGING SOURCE
Original cataloging agency NUST
Language of cataloging eng
Transcribing agency NUST
Modifying agency NUST
Description conventions rda
050 ## - LIBRARY OF CONGRESS CALL NUMBER
Classification number HV8073 SEB
100 ## - MAIN ENTRY--PERSONAL NAME
Personal name Sebyan Black, Inge
Relator term Author
245 ## - TITLE STATEMENT
Title The art of investigative interviewing /
Statement of responsibility, etc. Inge Sebyan Black, Charles L. Yeschke
250 ## - EDITION STATEMENT
Edition statement Third edition.
260 ## - PUBLICATION, DISTRIBUTION, ETC.
Place of publication, distribution, etc. Waltham, MA :
Name of publisher, distributor, etc. Butterworth-Heinemann,
Date of publication, distribution, etc. 2014.
300 ## - PHYSICAL DESCRIPTION
Extent xxiv, 171 pages :
Other physical details illustrations ;
Dimensions 24 cm.
336 ## - CONTENT TYPE
Source rdamedia
Content type term text
Content type code txt
337 ## - MEDIA TYPE
Source rdamedia
Media type term unmediated
Media type code n
338 ## - CARRIER TYPE
Source rdamedia
Carrier type term volume
Carrier type code nc
504 ## - BIBLIOGRAPHY, ETC. NOTE
Bibliography, etc. note Includes bibliographical references and index.
650 ## - SUBJECT ADDED ENTRY--TOPICAL TERM
Form subdivision Interviewing in law enforcement.
650 ## - SUBJECT ADDED ENTRY--TOPICAL TERM
Form subdivision Police questioning.
700 ## - ADDED ENTRY--PERSONAL NAME
Personal name Yeschke, Charles L
Relator term Author
942 ## - ADDED ENTRY ELEMENTS (KOHA)
Source of classification or shelving scheme Library of Congress Classification
Koha item type Ordinary Loan Books
Edition Third edition.
Classification part HV8073 SEB
Call number prefix HV
Call number suffix SEB
Suppress in OPAC No
Holdings
Withdrawn status Lost status Source of classification or shelving scheme Damaged status Not for loan Collection Home library Current library Shelving location Date acquired Source of acquisition Cost, normal purchase price Total Checkouts Full call number Barcode Date last seen Accession number Cost, replacement price Price effective from Koha item type Public note
    LCC     NFIC MAIN MAIN GEN 02/19/2025 Book Aid International 59.95   HV8073 SEB 92004054396 02/19/2025 62437 59.95 02/19/2025 BOOKS Donation